[Event "Europa ch 2014"]
[Site "Yerevan ARM"]
[Date "2014.03.10"]
[Round "7.112"]
[White "Barseghyan, Harutyun"]
[Black "Gharagyozyan, Artur"]
[Result "1/2-1/2"]
[WhiteElo "2067"]
[BlackElo "2216"]
[PlyCount "102"]
[EventDate "2014.03.03"]
[EventType "swiss"]
[EventRounds "11"]
[EventCountry "ARM"]
[Source "lmi"]
[SourceDate "2014.03.02"]

1. d4 d5 2. Nf3 Nf6 3. e3 e6 4. Bd3 Bd6 5. O-O Nbd7 6. Nbd2 O-O 7. b3 Qe7 8.
Bb2 e5 9. e4 exd4 10. Re1 c5 11. e5 Bxe5 12. Nxe5 Nxe5 13. f4 Nfg4 14. fxe5 Ne3
15. Qf3 Qxe5 16. Nf1 Bg4 17. Qf2 c4 18. bxc4 dxc4 19. Bxc4 Qc5 20. Bd3 Rfe8 21.
Bxd4 Qxd4 22. Nxe3 Be6 23. Nf5 Qxf2+ 24. Kxf2 Red8 25. Ne3 Rac8 26. Reb1 b6 27.
Rb4 Rc5 28. Ra4 Rd7 29. Rb1 g6 30. Rb5 Rc3 31. Rbb4 Kg7 32. Bc4 Rd2+ 33. Ke1
Rd4 34. Ke2 a5 35. Rxb6 Bxc4+ 36. Rxc4 Rdxc4 37. Nxc4 Rxc2+ 38. Kd3 Rxa2 39.
Rb2 Rxb2 40. Nxb2 Kf6 41. Ke4 h5 42. h4 g5 43. g3 Kg6 44. Nc4 a4 45. Ne5+ Kf6
46. Nc4 Kg6 47. Kf3 Kf5 48. Na3 Ke5 49. Nc2 f6 50. Ke3 Kf5 51. Kf3 Ke5 1/2-1/2

[Event "Europa ch 2014"]
[Site "Yerevan ARM"]
[Date "2014.03.10"]
[Round "7.113"]
[White "Simonyan, Latush"]
[Black "Hovhannisyan, Karen"]
[Result "0-1"]
[WhiteElo "1799"]
[BlackElo "2188"]
[PlyCount "150"]
[EventDate "2014.03.03"]
[EventType "swiss"]
[EventRounds "11"]
[EventCountry "ARM"]
[Source "lmi"]
[SourceDate "2014.03.02"]

1. e4 c5 2. Nf3 e6 3. d4 cxd4 4. Nxd4 a6 5. Nc3 Qc7 6. Be2 Nf6 7. O-O d6 8. Be3
b5 9. a4 b4 10. Na2 Nxe4 11. Nxb4 d5 12. Na2 Bd6 13. h3 O-O 14. Bf3 f5 15. Qd3
Qf7 16. Nb3 Nd7 17. Qe2 Ne5 18. Nd2 Nxf3+ 19. Nxf3 e5 20. Rfd1 Be6 21. Nc3 Nxc3
22. bxc3 h6 23. Bc1 e4 24. Nd4 Be5 25. Qd2 Bd7 26. Ne2 Bc6 27. Nd4 Bb7 28. Rb1
Rab8 29. Ba3 Rfe8 30. Rb6 Bc7 31. Rb3 f4 32. Rdb1 f3 33. Qe1 Qg6 34. Qf1 Ba8
35. Kh1 Rbc8 36. Re1 Be5 37. gxf3 exf3 38. Nxf3 Qxc2 39. Rb2 Qxa4 40. Nxe5 Qxa3
41. Rbe2 Qxc3 42. Kh2 d4 43. Ng6 Rxe2 44. Qxe2 Kh7 45. Ne7 Rf8 46. Rg1 Qf3 47.
Qxf3 Rxf3 48. Ra1 Rxf2+ 49. Kg3 Rf6 50. Rd1 Rf7 51. Nc8 Rf3+ 52. Kh2 d3 53. Nb6
Be4 54. Nc4 Bf5 55. Kg2 Rxh3 56. Kf2 Bg4 57. Ra1 Rf3+ 58. Ke1 Rf6 59. Kd2 Be2
60. Rb1 h5 61. Ne3 h4 62. Rh1 g5 63. Nd5 Rf1 64. Rh2 a5 65. Nc3 Kg6 66. Ke3 Kh5
67. Ne4 Rf3+ 68. Kd2 a4 69. Rh1 h3 70. Rb1 a3 71. Rb8 a2 72. Ra8 h2 73. Ra7 Kg4
74. Ra4 Rf4 75. Nf2+ Kf3 0-1

[Event "Europa ch 2014"]
[Site "Yerevan ARM"]
[Date "2014.03.10"]
[Round "7.114"]
[White "Erenberg, Ariel"]
[Black "Matevosyan, Sedrak"]
[Result "1/2-1/2"]
[WhiteElo "2092"]
[BlackElo "2213"]
[PlyCount "128"]
[EventDate "2014.03.03"]
[EventType "swiss"]
[EventRounds "11"]
[EventCountry "ARM"]
[Source "lmi"]
[SourceDate "2014.03.02"]

1. d4 Nf6 2. c4 e6 3. Nf3 b6 4. g3 Ba6 5. Qb3 Nc6 6. Nbd2 Bb7 7. e4 Na5 8. Qe3
Bb4 9. a3 Be7 10. Bg2 Ba6 11. Qc3 d5 12. e5 Nd7 13. cxd5 exd5 14. b4 Nc4 15.
Nxc4 Bxc4 16. Nd2 Ba6 17. Bxd5 O-O 18. Bc6 b5 19. O-O Nb6 20. Ne4 Rb8 21. Rd1
Nd5 22. Qb3 Bb7 23. Bxb7 Rxb7 24. Nc3 c6 25. Nxd5 cxd5 26. Bf4 Qd7 27. Rac1 g5
28. Be3 Rb6 29. Qc2 Qh3 30. f3 h5 31. Qg2 Qd7 32. Qd2 Qf5 33. Rf1 f6 34. Qc2
fxe5 35. Qxf5 Rxf5 36. dxe5 Ra6 37. Rc8+ Kf7 38. f4 Rxa3 39. Bc5 Bxc5+ 40. Rxc5
Rd3 41. Rc7+ Ke6 42. Rc6+ Kd7 43. Rd6+ Ke8 44. Rc1 gxf4 45. Rc8+ Kf7 46. Rc7+
Kg8 47. gxf4 Rxf4 48. e6 Rdf3 49. Rd8+ Rf8 50. Rxd5 R3f5 51. Rxf5 Rxf5 52. Rxa7
Re5 53. Rb7 Rxe6 54. Rxb5 Re4 55. Rg5+ Kf7 56. b5 h4 57. Kg2 Rb4 58. Kf3 Kf6
59. Rc5 Kg6 60. Rc6+ Kg5 61. Rc5+ Kg6 62. Kg2 Rb3 63. Rc6+ Kg5 64. Rc5+ Kg6
1/2-1/2

[Event "Europa ch 2014"]
[Site "Yerevan ARM"]
[Date "2014.03.10"]
[Round "7.115"]
[White "Tiraturyan, David"]
[Black "Babayan, Armine"]
[Result "1-0"]
[WhiteElo "2201"]
[BlackElo "2085"]
[PlyCount "133"]
[EventDate "2014.03.03"]
[EventType "swiss"]
[EventRounds "11"]
[EventCountry "ARM"]
[Source "lmi"]
[SourceDate "2014.03.02"]

1. e4 c5 2. Nf3 d6 3. Bb5+ Bd7 4. Bxd7+ Qxd7 5. O-O Nc6 6. c3 g6 7. d4 cxd4 8.
cxd4 Bg7 9. Nc3 e6 10. d5 Ne5 11. dxe6 fxe6 12. Bf4 Nh6 13. Nxe5 dxe5 14. Qxd7+
Kxd7 15. Rfd1+ Ke8 16. Bg3 Nf7 17. f3 Ke7 18. Bf2 b6 19. a4 Rhd8 20. a5 Rxd1+
21. Nxd1 bxa5 22. Rxa5 a6 23. b4 Nd6 24. Nc3 Bh6 25. Rxe5 Rc8 26. Rc5 Bd2 27.
Rxc8 Nxc8 28. Bd4 Kd6 29. Kf2 Kc6 30. Ke2 Bf4 31. Kd3 Bxh2 32. Ne2 Kb5 33. Bc5
e5 34. Nc3+ Kc6 35. Kc4 Bg3 36. Ne2 Bh4 37. Nc1 Bd8 38. Nd3 Bc7 39. Nf2 h5 40.
Nd1 Bd8 41. Ne3 Bf6 42. Nd5 Bg5 43. Kb3 a5 44. Kc4 Bd8 45. b5+ Kd7 46. Kb3 Nd6
47. Bxd6 Kxd6 48. Kc4 h4 49. Nc3 Bb6 50. Nd5 Bd8 51. Ne3 Bb6 52. Ng4 Ke6 53.
Kb3 Bc5 54. Kc4 Bg1 55. Kd3 Bb6 56. Nh2 Bd8 57. Kc4 Kd6 58. Ng4 Bg5 59. b6 Bd8
60. Kb5 a4 61. b7 Bc7 62. Kxa4 Kc5 63. Kb3 Kc6 64. Kc4 Kxb7 65. Kd5 Kc8 66.
Nxe5 g5 67. Ke6 1-0

[Event "Europa ch 2014"]
[Site "Yerevan ARM"]
[Date "2014.03.10"]
[Round "7.116"]
[White "Yayloyan, Konstantin"]
[Black "Hairapetian, Anna"]
[Result "0-1"]
[WhiteElo "1963"]
[BlackElo "2188"]
[PlyCount "78"]
[EventDate "2014.03.03"]
[EventType "swiss"]
[EventRounds "11"]
[EventCountry "ARM"]
[Source "lmi"]
[SourceDate "2014.03.02"]

1. e4 c5 2. Nf3 d6 3. d4 cxd4 4. Nxd4 Nf6 5. Nc3 g6 6. Be3 Bg7 7. f3 Nc6 8. Qd2
O-O 9. g4 Bxg4 10. fxg4 Nxg4 11. Nb3 a5 12. a4 d5 13. exd5 Nxe3 14. Qxe3 Bxc3+
15. bxc3 Qxd5 16. Rg1 Rfd8 17. Rg5 Qh1 18. Nd2 Qxh2 19. O-O-O Qd6 20. Bc4 e6
21. Rh1 Kg7 22. Ne4 Qa3+ 23. Kb1 h5 24. Rc5 Rd7 25. Qg5 Rad8 26. Qf6+ Kg8 27.
Be2 Nb4 28. cxb4 Qxb4+ 29. Kc1 Qxe4 30. Qf3 Qxa4 31. Qc3 Qf4+ 32. Kb1 Rd4 33.
Rxa5 Rb4+ 34. Ka2 Ra4+ 35. Rxa4 Qxa4+ 36. Kb2 Ra8 37. Rf1 Qa2+ 38. Kc1 Qa1+ 39.
Kd2 Rd8+ 0-1

[Event "Europa ch 2014"]
[Site "Yerevan ARM"]
[Date "2014.03.10"]
[Round "7.117"]
[White "Nikolaidis, Konstantinos"]
[Black "Sayadyan, Edvard"]
[Result "0-1"]
[WhiteElo "2186"]
[BlackElo "2010"]
[PlyCount "130"]
[EventDate "2014.03.03"]
[EventType "swiss"]
[EventRounds "11"]
[EventCountry "ARM"]
[Source "lmi"]
[SourceDate "2014.03.02"]

1. e4 c5 2. Nf3 d6 3. d4 cxd4 4. Nxd4 Nf6 5. Nc3 g6 6. Be3 Bg7 7. f3 Nc6 8. Qd2
O-O 9. O-O-O d5 10. Kb1 Nxd4 11. e5 Nf5 12. exf6 exf6 13. Nxd5 Nxe3 14. Qxe3
Be6 15. Bc4 f5 16. c3 Qh4 17. Bb3 Bxd5 18. Bxd5 Rfe8 19. Qd3 Re7 20. g3 Qf6 21.
Rhe1 Rae8 22. Rxe7 Rxe7 23. a4 Qb6 24. Ka2 Bf6 25. Bb3 Kg7 26. Qd5 Qf2 27. Rd2
Qg1 28. Bc4 a6 29. Kb3 Rc7 30. a5 b5 31. axb6 Qxb6+ 32. Kc2 Rb7 33. Kd1 a5 34.
g4 fxg4 35. fxg4 Rc7 36. h3 Qg1+ 37. Kc2 a4 38. Qb5 a3 39. bxa3 Qe3 40. Rd3 Qe4
41. Qd5 Rxc4 42. Qxe4 Rxe4 43. Kb3 Re1 44. a4 Be5 45. Kb4 f5 46. gxf5 gxf5 47.
a5 f4 48. a6 Ra1 49. Kb5 Kg6 50. Kb6 Kf5 51. a7 Ke4 52. Rd1 Ra4 53. Re1+ Kf5
54. Kb7 Bxc3 55. Rc1 Bd4 56. a8=Q Rxa8 57. Kxa8 f3 58. Kb7 f2 59. Kc6 Ke4 60.
Rf1 Kf3 61. h4 h5 62. Kd5 Bf6 63. Ke6 Bxh4 64. Kf5 Bg3 65. Rb1 h4 0-1

[Event "Europa ch 2014"]
[Site "Yerevan ARM"]
[Date "2014.03.10"]
[Round "7.118"]
[White "Basencyan, Mark"]
[Black "Danielyan, Vahe"]
[Result "1/2-1/2"]
[WhiteElo "2186"]
[BlackElo "1919"]
[PlyCount "110"]
[EventDate "2014.03.03"]
[EventType "swiss"]
[EventRounds "11"]
[EventCountry "ARM"]
[Source "lmi"]
[SourceDate "2014.03.02"]

1. d4 d5 2. c4 dxc4 3. e3 Nf6 4. Bxc4 e6 5. Nf3 a6 6. O-O Nbd7 7. a3 b5 8. Bd3
c5 9. Nc3 Bb7 10. Re1 c4 11. Bc2 Be7 12. e4 O-O 13. Qe2 Rc8 14. Bg5 h6 15. Bf4
Qb6 16. Rad1 a5 17. e5 Nd5 18. Nxd5 Bxd5 19. Qe3 Qb7 20. Bxh6 f5 21. exf6 Bxf6
22. Bf4 b4 23. axb4 axb4 24. Bd6 Rfe8 25. Ng5 Nf8 26. Bxf8 Kxf8 27. Bg6 c3 28.
Bxe8 c2 29. Bg6 cxd1=Q 30. Rxd1 Bxg2 31. Nxe6+ Kg8 32. Nf4 Bd5 33. Re1 Bf7 34.
Be4 Qd7 35. d5 Bxb2 36. Qd3 Qg4+ 37. Qg3 Qxg3+ 38. hxg3 Be5 39. Nd3 Bc3 40. Rb1
Rc4 41. f3 Rd4 42. Nf4 g5 43. Ne2 Rc4 44. Kf2 g4 45. Nf4 Kf8 46. Ke3 gxf3 47.
Kxf3 Ke7 48. g4 Kd6 49. g5 Be5 50. g6 Be8 51. Rg1 Rc3+ 52. Nd3 Bg7 53. Rh1 b3
54. Kf4 Bb5 55. Rh7 Rc7 1/2-1/2

[Event "Europa ch 2014"]
[Site "Yerevan ARM"]
[Date "2014.03.10"]
[Round "7.119"]
[White "Vatinyan, Gor"]
[Black "Gaboyan, Susanna"]
[Result "1-0"]
[WhiteElo "2176"]
[BlackElo "2043"]
[PlyCount "153"]
[EventDate "2014.03.03"]
[EventType "swiss"]
[EventRounds "11"]
[EventCountry "ARM"]
[Source "lmi"]
[SourceDate "2014.03.02"]

1. e4 c5 2. Nf3 Nc6 3. d4 cxd4 4. Nxd4 Nf6 5. Nc3 e5 6. Ndb5 d6 7. a4 a6 8. Na3
Be6 9. Bg5 Be7 10. Bxf6 Bxf6 11. Bc4 O-O 12. O-O Bg5 13. Nd5 Kh8 14. c3 Ne7 15.
Qb3 Rb8 16. Rad1 Nc6 17. Qc2 Na5 18. Be2 f5 19. b4 Nc6 20. exf5 Bxf5 21. Bd3 g6
22. Bxf5 Rxf5 23. a5 Qf8 24. Nc4 Rd8 25. Qe4 Na7 26. Rd3 Nb5 27. f3 Qg7 28.
Rfd1 Rdf8 29. g3 h5 30. Ndb6 Qc7 31. Kg2 Rd8 32. h3 Kg7 33. Nd5 Qb8 34. h4 Bh6
35. g4 hxg4 36. fxg4 Rf4 37. Nxf4 Bxf4 38. Nb6 Rh8 39. Nd5 Rxh4 40. Nxf4 Rxg4+
41. Rg3 Rxg3+ 42. Kxg3 exf4+ 43. Qxf4 Qf8 44. Qxf8+ Kxf8 45. c4 Nc3 46. Rd3 Na2
47. b5 Ke7 48. Kf4 Nb4 49. Rb3 Nc2 50. Ke4 g5 51. Rb2 Na3 52. Kd3 g4 53. bxa6
bxa6 54. Rg2 Kd7 55. Rxg4 Kc6 56. Kc3 d5 57. Rg6+ Kc5 58. cxd5 Kxd5 59. Rxa6
Kc5 60. Rh6 Nb5+ 61. Kb3 Na7 62. Rh5+ Kc6 63. Kb4 Kb7 64. Rh7+ Kb8 65. Kc5 Nc8
66. a6 Na7 67. Rg7 Nc8 68. Rg8 Kc7 69. Rh8 Na7 70. Ra8 Nc6 71. Kb5 Nd4+ 72. Kc4
Nc6 73. Kc5 Nb8 74. Ra7+ Kc8 75. Kb6 Nd7+ 76. Rxd7 Kxd7 77. a7 1-0

[Event "Europa ch 2014"]
[Site "Yerevan ARM"]
[Date "2014.03.10"]
[Round "7.120"]
[White "Hudyakov, Sergey"]
[Black "Rusek, Walter"]
[Result "1-0"]
[WhiteElo "2107"]
[BlackElo "1794"]
[PlyCount "85"]
[EventDate "2014.03.03"]
[EventType "swiss"]
[EventRounds "11"]
[EventCountry "ARM"]
[Source "lmi"]
[SourceDate "2014.03.02"]

1. d4 d5 2. c4 c6 3. e3 Nf6 4. Bd3 Bg4 5. Qb3 Qb6 6. Nc3 Qxb3 7. axb3 dxc4 8.
bxc4 e6 9. Nge2 Na6 10. f3 Bh5 11. Nf4 Bg6 12. Nxg6 hxg6 13. c5 Nb4 14. Bb1 Be7
15. O-O O-O 16. Ra4 Nbd5 17. e4 Nc7 18. Bf4 Nfe8 19. Bd3 a6 20. Rd1 Bf6 21. Bd6
Nxd6 22. cxd6 Nb5 23. e5 Nxc3 24. bxc3 Bg5 25. Kf2 Rfd8 26. Ra2 Rd7 27. Rb1 Bd8
28. c4 g5 29. g3 f6 30. c5 fxe5 31. dxe5 Kf8 32. Bc4 Kf7 33. Ke3 a5 34. Kd4 Ra7
35. h3 Ra8 36. Rf2 b5 37. cxb6 Rb7 38. Kc5 Rab8 39. Rfb2 a4 40. Ba6 a3 41. Bxb7
axb2 42. Kxc6 g6 43. g4 1-0

[Event "Europa ch 2014"]
[Site "Yerevan ARM"]
[Date "2014.03.10"]
[Round "7.121"]
[White "Hakobyan, Aram"]
[Black "Karapetyan, Lusine"]
[Result "1-0"]
[WhiteElo "2103"]
[BlackElo "1985"]
[PlyCount "103"]
[EventDate "2014.03.03"]
[EventType "swiss"]
[EventRounds "11"]
[EventCountry "ARM"]
[Source "lmi"]
[SourceDate "2014.03.02"]

1. d4 f5 2. Bg5 g6 3. Nd2 d5 4. c4 c6 5. e3 Bg7 6. Ngf3 Nf6 7. Be2 Nbd7 8. cxd5
cxd5 9. h3 O-O 10. O-O Ne4 11. Bf4 Ndf6 12. Nb3 Bd7 13. Ne5 Rc8 14. f3 Nd6 15.
Nc5 Re8 16. Qb3 Bc6 17. a4 e6 18. Rac1 Nh5 19. Bh2 f4 20. exf4 Qf6 21. Qe3 Bh6
22. Ng4 Qg7 23. Nxe6 Bd7 24. Nxg7 Rxe3 25. Rxc8+ Nxc8 26. Nxe3 Bxg7 27. Nxd5
Bxd4+ 28. Kh1 Bxa4 29. Nc3 Bc6 30. g4 Nf6 31. Bg1 Bxg1 32. Kxg1 Nd6 33. Rd1
Nfe8 34. Kf2 Kf7 35. Ke3 Ke7 36. Ne4 a6 37. Rc1 Bd5 38. Nxd6 Kxd6 39. Bc4 Bc6
40. Bd3 Nf6 41. Be4 Nd5+ 42. Bxd5 Kxd5 43. Rd1+ Kc4 44. f5 gxf5 45. gxf5 a5 46.
f6 Be8 47. Rd7 b5 48. f7 Bxf7 49. Rxf7 Kb3 50. Ra7 a4 51. Kd4 b4 52. Kc5 1-0

[Event "Europa ch 2014"]
[Site "Yerevan ARM"]
[Date "2014.03.10"]
[Round "7.122"]
[White "Pavlidou, Ekaterini"]
[Black "Kanjaryan, Vladimir"]
[Result "1-0"]
[WhiteElo "2188"]
[BlackElo "2067"]
[PlyCount "55"]
[EventDate "2014.03.03"]
[EventType "swiss"]
[EventRounds "11"]
[EventCountry "ARM"]
[Source "lmi"]
[SourceDate "2014.03.02"]

1. d4 d5 2. c4 dxc4 3. Nf3 Nf6 4. e3 Bg4 5. Bxc4 e6 6. h3 Bh5 7. Qb3 Bxf3 8.
gxf3 Nbd7 9. Nc3 Nb6 10. Be2 c6 11. Bd2 a5 12. a3 Be7 13. O-O-O O-O 14. e4 Qc7
15. Kb1 Nbd7 16. e5 Nd5 17. Nxd5 exd5 18. Rhg1 Rfb8 19. Qe3 Nf8 20. f4 f5 21.
Bd3 Qd7 22. h4 Kf7 23. Qh3 g6 24. h5 b5 25. hxg6+ hxg6 26. Rxg6 Nxg6 27. Bxf5
Qb7 28. Bxg6+ 1-0

[Event "Europa ch 2014"]
[Site "Yerevan ARM"]
[Date "2014.03.10"]
[Round "7.123"]
[White "Gasparian, Tigran"]
[Black "Kuehn, Matthias"]
[Result "1-0"]
[WhiteElo "2165"]
[BlackElo "1957"]
[PlyCount "101"]
[EventDate "2014.03.03"]
[EventType "swiss"]
[EventRounds "11"]
[EventCountry "ARM"]
[Source "lmi"]
[SourceDate "2014.03.02"]

1. d4 g6 2. e4 Bg7 3. Nc3 d6 4. Nf3 Nc6 5. Bc4 Nf6 6. h3 O-O 7. Qe2 e5 8. dxe5
dxe5 9. Bg5 h6 10. Bxf6 Bxf6 11. Nd5 Na5 12. Rd1 Nxc4 13. Qxc4 c6 14. Nxf6+
Qxf6 15. Qc3 Be6 16. O-O Rae8 17. Qxe5 Qxe5 18. Nxe5 Bxh3 19. f4 Be6 20. Nd7
Bxd7 21. Rxd7 Rxe4 22. Rxb7 Rd8 23. Rf2 Rd1+ 24. Kh2 a5 25. b3 Rd5 26. Rc7 Rh5+
27. Kg3 Rc5 28. Kf3 Re6 29. c4 a4 30. g3 axb3 31. axb3 g5 32. Re2 Rf6 33. Re8+
Kg7 34. Rcc8 Rd6 35. Rcd8 Rxd8 36. Rxd8 Rf5 37. Rd6 gxf4 38. g4 Rf6 39. Rxf6
Kxf6 40. b4 Ke5 41. b5 cxb5 42. cxb5 Kd5 43. Kxf4 Kc5 44. Kf5 Kxb5 45. Kf6 Kc6
46. Kxf7 Kd6 47. Kg6 Ke6 48. Kxh6 Kf7 49. g5 Kg8 50. Kg6 Kh8 51. Kf7 1-0

[Event "Europa ch 2014"]
[Site "Yerevan ARM"]
[Date "2014.03.10"]
[Round "7.124"]
[White "Vardanian, Hamazasp"]
[Black "Mkrtchyan, Sargis R"]
[Result "1-0"]
[WhiteElo "2138"]
[BlackElo "1909"]
[PlyCount "77"]
[EventDate "2014.03.03"]
[EventType "swiss"]
[EventRounds "11"]
[EventCountry "ARM"]
[Source "lmi"]
[SourceDate "2014.03.02"]

1. e4 e5 2. Nf3 Nc6 3. Nc3 Nf6 4. d4 Bb4 5. d5 Ne7 6. Nxe5 d6 7. Nf3 Nxe4 8.
Qd4 Nxc3 9. bxc3 Ba5 10. Qxg7 Rg8 11. Qd4 Nxd5 12. Bd2 Be6 13. g3 Rg4 14. Qd3
Qe7 15. O-O-O O-O-O 16. Nd4 Kb8 17. f4 c5 18. Nxe6 fxe6 19. Bg2 Qg7 20. Bxd5
exd5 21. Kb2 Rc8 22. Qxd5 Rc6 23. Rhe1 a6 24. Re3 Rb6+ 25. Kc1 Bb4 26. Be1 Ba3+
27. Kd2 Bb2 28. Ke2 Qh6 29. h4 Rg7 30. Re6 Rg6 31. Re8+ Ka7 32. Qf5 Qg7 33. Qc8
Rc6 34. Qb8+ Kb6 35. Rb1 Re6+ 36. Rxe6 Qg4+ 37. Kf2 Qxe6 38. Rxb2+ Ka5 39. Qxb7
1-0

[Event "Europa ch 2014"]
[Site "Yerevan ARM"]
[Date "2014.03.10"]
[Round "7.125"]
[White "Porfireanu, Serban"]
[Black "Avetisyan, Ashot"]
[Result "0-1"]
[WhiteElo "1903"]
[BlackElo "2121"]
[PlyCount "90"]
[EventDate "2014.03.03"]
[EventType "swiss"]
[EventRounds "11"]
[EventCountry "ARM"]
[Source "lmi"]
[SourceDate "2014.03.02"]

1. c4 Nf6 2. d4 c6 3. Nc3 d5 4. Nf3 dxc4 5. a4 Bf5 6. e3 e6 7. Bxc4 Bb4 8. Bd2
O-O 9. Nh4 Nbd7 10. Nxf5 exf5 11. Qc2 g6 12. Na2 Bd6 13. Nc3 Qe7 14. Be2 Ne4
15. Nxe4 fxe4 16. h4 Nf6 17. Bc3 Nd5 18. Bc4 Rfd8 19. h5 Re8 20. hxg6 hxg6 21.
Qe2 Qg5 22. g3 a6 23. a5 Bc7 24. Qd2 Kg7 25. Bxd5 Qxd5 26. Qc2 Rh8 27. O-O-O
Rae8 28. b4 Bd6 29. Kb2 f6 30. Qb3 Qf5 31. Qc2 Qb5 32. Kb3 Rh5 33. Rh4 Qd5+ 34.
Kb2 Rxh4 35. gxh4 Rh8 36. Rh1 Rh5 37. Be1 Qb5 38. Kb3 Qf5 39. Qe2 Qd5+ 40. Kb2
Be7 41. Rg1 Rxh4 42. Rg2 f5 43. Qc2 Rh1 44. Bc3 g5 45. Qb3 Rb1+ 0-1

[Event "Europa ch 2014"]
[Site "Yerevan ARM"]
[Date "2014.03.10"]
[Round "7.126"]
[White "Hakobyan, Hovhannes H"]
[Black "Bykov, Egor"]
[Result "1-0"]
[WhiteElo "1869"]
[BlackElo "2089"]
[PlyCount "79"]
[EventDate "2014.03.03"]
[EventType "swiss"]
[EventRounds "11"]
[EventCountry "ARM"]
[Source "lmi"]
[SourceDate "2014.03.02"]

1. e4 e6 2. d4 d5 3. Nc3 dxe4 4. Nxe4 Nd7 5. Nf3 Ngf6 6. Nxf6+ Nxf6 7. c3 Be7
8. Bd3 O-O 9. Qe2 b6 10. Bf4 Bb7 11. O-O-O Qc8 12. h4 c5 13. h5 cxd4 14. Nxd4
Nd5 15. Be5 Rd8 16. Qg4 Bf6 17. Bxf6 Nxf6 18. Qh4 h6 19. Kb1 Qc5 20. f4 Rd7 21.
Rhe1 Qxh5 22. Qf2 Rad8 23. Be2 Qg6+ 24. Bd3 Qxg2 25. Qh4 Qg4 26. Qf2 Ne4 27.
Qe3 Nc5 28. Bc2 a5 29. Rg1 Qh4 30. Rg3 Qe7 31. Rdg1 f6 32. Rxg7+ Qxg7 33. Rxg7+
Rxg7 34. b4 axb4 35. cxb4 e5 36. fxe5 fxe5 37. Nf5 Nd7 38. Nxg7 Kxg7 39. Qg3+
Kf8 40. Qg6 1-0

[Event "Europa ch 2014"]
[Site "Yerevan ARM"]
[Date "2014.03.10"]
[Round "7.127"]
[White "Henseler, Jorgen"]
[Black "Davtyan, Artur"]
[Result "1-0"]
[WhiteElo "2075"]
[BlackElo "1843"]
[PlyCount "113"]
[EventDate "2014.03.03"]
[EventType "swiss"]
[EventRounds "11"]
[EventCountry "ARM"]
[Source "lmi"]
[SourceDate "2014.03.02"]

1. e4 e5 2. Nf3 Nc6 3. Bb5 a6 4. Ba4 Bc5 5. c3 Nf6 6. O-O b5 7. Bc2 d6 8. d4
Bb6 9. a4 Bb7 10. Na3 O-O 11. axb5 axb5 12. Bg5 exd4 13. cxd4 Ba6 14. e5 dxe5
15. dxe5 Qxd1 16. Rfxd1 Ng4 17. Bh4 b4 18. Be4 bxa3 19. Bxc6 axb2 20. Rab1 g5
21. Nxg5 Rad8 22. Be4 Rxd1+ 23. Rxd1 Nxe5 24. Nxh7 f5 25. Nf6+ Rxf6 26. Bxf6
fxe4 27. Bxe5 e3 28. fxe3 Bxe3+ 29. Kh1 Bc1 30. Bxb2 Bxb2 31. Rd8+ Kf7 32. Rd7+
Kg6 33. Rxc7 Bd3 34. Rc5 Bf5 35. h3 Bd4 36. Ra5 Be4 37. Ra4 Bxg2+ 38. Kxg2 Bf6
39. Ra5 Bg5 40. Kg3 Bd2 41. Rb5 Bc3 42. Kg4 Bf6 43. h4 Kh6 44. Rb6 Kg7 45. h5
Bc3 46. Ra6 Bd4 47. Kf5 Kh7 48. Re6 Bc3 49. Re2 Kh6 50. Kg4 Bb4 51. Re6+ Kh7
52. h6 Bc5 53. Kh5 Bb4 54. Rb6 Bf8 55. Rb7+ Kh8 56. Kg6 Kg8 57. Rb8 1-0

[Event "Europa ch 2014"]
[Site "Yerevan ARM"]
[Date "2014.03.10"]
[Round "7.128"]
[White "Bejashvili, Irma"]
[Black "Kleinert, Juergen"]
[Result "0-1"]
[WhiteElo "1749"]
[BlackElo "2000"]
[PlyCount "88"]
[EventDate "2014.03.03"]
[EventType "swiss"]
[EventRounds "11"]
[EventCountry "ARM"]
[Source "lmi"]
[SourceDate "2014.03.02"]

1. e4 c5 2. d4 cxd4 3. c3 dxc3 4. Nxc3 Nc6 5. Nf3 d6 6. Bc4 e6 7. O-O a6 8. a4
Nf6 9. Qe2 Be7 10. Rd1 Qc7 11. Bf4 Nd7 12. Rac1 Nde5 13. Ba2 Qb8 14. Nxe5 Nxe5
15. Bxe5 dxe5 16. Qg4 g6 17. h4 h5 18. Qh3 b5 19. Bb3 b4 20. Ne2 Ra7 21. a5 Kf8
22. Rc6 Kg7 23. Rb6 Qc7 24. Rc1 Qd8 25. Rbc6 Bd7 26. Qe3 Bxc6 27. Qxa7 Bb5 28.
Rc7 Kf6 29. Ng3 Rf8 30. Kh2 Bd6 31. Qe3 Kg7 32. Rb7 Qxh4+ 33. Kg1 Rb8 34. Ra7
Qf6 35. Qd2 Rd8 36. Qe3 Rc8 37. Rb7 Bc5 38. Qd2 Bc6 39. Rb6 h4 40. Rxc6 Qxf2+
41. Qxf2 Bxf2+ 42. Kxf2 hxg3+ 43. Kxg3 Rxc6 44. Ba4 Rc5 0-1

[Event "Europa ch 2014"]
[Site "Yerevan ARM"]
[Date "2014.03.11"]
[Round "8.2"]
[White "Laznicka, Viktor"]
[Black "Wojtaszek, Radoslaw"]
[Result "1/2-1/2"]
[WhiteElo "2681"]
[BlackElo "2713"]
[PlyCount "48"]
[EventDate "2014.03.03"]
[EventType "swiss"]
[EventRounds "11"]
[EventCountry "ARM"]
[Source "lmi"]
[SourceDate "2014.03.02"]

1. e4 c5 2. Nf3 d6 3. d4 cxd4 4. Nxd4 Nf6 5. Nc3 a6 6. Be3 e5 7. Nb3 Be6 8. h3
Nc6 9. Qf3 Rc8 10. O-O-O Nb4 11. Kb1 Qc7 12. a3 Nxc2 13. Kxc2 Qc6 14. Nd2 d5
15. exd5 Nxd5 16. Ndb1 Qa4+ 17. Kd2 Qb3 18. Ke1 Nxe3 19. Qxe3 Qxb2 20. Qxe5 Bc5
21. Rd2 Qc1+ 22. Rd1 Qb2 23. Rd2 Qc1+ 24. Rd1 Qb2 1/2-1/2

[Event "Europa ch 2014"]
[Site "Yerevan ARM"]
[Date "2014.03.11"]
[Round "8.3"]
[White "Solak, Dragan"]
[Black "Akopian, Vladimir"]
[Result "1/2-1/2"]
[WhiteElo "2610"]
[BlackElo "2682"]
[PlyCount "81"]
[EventDate "2014.03.03"]
[EventType "swiss"]
[EventRounds "11"]
[EventCountry "ARM"]
[Source "lmi"]
[SourceDate "2014.03.02"]

1. e4 e6 2. d4 d5 3. Nd2 c5 4. exd5 Qxd5 5. Ngf3 cxd4 6. Bc4 Qd6 7. O-O Nf6 8.
Nb3 Nc6 9. Nbxd4 Nxd4 10. Nxd4 a6 11. Re1 Qc7 12. Bf1 Be7 13. Qf3 O-O 14. Bf4
Bd6 15. Bxd6 Qxd6 16. Rad1 Qc7 17. c4 Bd7 18. Qg3 Qxg3 19. hxg3 Rfd8 20. f3 Kf8
21. g4 h6 22. Kf2 a5 23. b3 b6 24. Rd2 Be8 25. Red1 Rd7 26. Ke3 Rad8 27. Be2 g5
28. Nc2 Rxd2 29. Rxd2 Rxd2 30. Kxd2 h5 31. gxh5 Nxh5 32. a3 Nf4 33. g3 Nh5 34.
g4 Nf4 35. Ne1 Ke7 36. Nd3 f6 37. b4 axb4 38. axb4 Kd6 39. Ke3 Ng2+ 40. Kf2 Nf4
41. Ke3 1/2-1/2

[Event "Europa ch 2014"]
[Site "Yerevan ARM"]
[Date "2014.03.11"]
[Round "8.6"]
[White "Moiseenko, Alexander"]
[Black "Lupulescu, Constantin"]
[Result "1-0"]
[WhiteElo "2712"]
[BlackElo "2643"]
[PlyCount "95"]
[EventDate "2014.03.03"]
[EventType "swiss"]
[EventRounds "11"]
[EventCountry "ARM"]
[Source "lmi"]
[SourceDate "2014.03.02"]

1. d4 Nf6 2. c4 e6 3. Nc3 Bb4 4. Nf3 b6 5. Bg5 h6 6. Bh4 g5 7. Bg3 Ne4 8. Qc2
Bb7 9. e3 d6 10. Bd3 Bxc3+ 11. bxc3 f5 12. c5 Nd7 13. cxd6 cxd6 14. O-O h5 15.
h4 Qe7 16. Bxe4 Bxe4 17. Qe2 gxh4 18. Bxh4 Nf6 19. Ng5 Bc6 20. c4 Ne4 21. Nxe4
Qxh4 22. Nxd6+ Ke7 23. d5 Rag8 24. f4 Ba8 25. Nb5 Rg3 26. Rf3 exd5 27. Qb2 d4
28. Nxd4 Rf8 29. Qa3+ Kf7 30. Qxa7+ Kg6 31. Rb1 Bxf3 32. Nxf3 Rxf3 33. Rxb6+
Rf6 34. Rxf6+ Qxf6 35. gxf3 Qa1+ 36. Kg2 Qb2+ 37. Kh3 Qb1 38. Qa6+ Kf7 39. Kh4
Qh1+ 40. Kg5 Qg2+ 41. Kxf5 Qh3+ 42. Ke5 h4 43. Qb7+ Kg8 44. c5 Qg3 45. c6 Qxf3
46. Kf6 Qg2 47. Qc8+ Kh7 48. Qf5+ 1-0

[Event "Europa ch 2014"]
[Site "Yerevan ARM"]
[Date "2014.03.11"]
[Round "8.7"]
[White "Areshchenko, Alexander"]
[Black "Fedoseev, Vladimir3"]
[Result "0-1"]
[WhiteElo "2705"]
[BlackElo "2641"]
[PlyCount "69"]
[EventDate "2014.03.03"]
[EventType "swiss"]
[EventRounds "11"]
[EventCountry "ARM"]
[Source "lmi"]
[SourceDate "2014.03.02"]

1. e4 e5 2. Nf3 Nc6 3. Bb5 Nf6 4. d3 d6 5. c3 g6 6. O-O Bg7 7. Re1 O-O 8. Nbd2
Bd7 9. Nf1 Nh5 10. Ba4 Qe8 11. Ne3 Nd4 12. cxd4 Bxa4 13. b3 Bb5 14. a4 Ba6 15.
dxe5 Nf4 16. Nc4 dxe5 17. Ba3 Bxc4 18. bxc4 Rd8 19. Re3 Qe6 20. Bxf8 Bxf8 21.
Ne1 Bc5 22. Rf3 a5 23. Rb1 b6 24. h4 Qg4 25. g3 f5 26. exf5 gxf5 27. Ng2 Nh3+
28. Kf1 e4 29. Rf4 Nxf4 30. Nxf4 exd3 31. Qe1 d2 32. Qe6+ Kf8 33. Qf6+ Ke8 34.
Qc6+ Rd7 35. Nd5 0-1